LEADER 01445nam2-2200409li-450 001 990000240510203316 005 20180312154725.0 010 $a0-471-04223-4 035 $a0024051 035 $aUSA010024051 035 $a(ALEPH)000024051USA01 035 $a0024051 100 $a20001109d1980----km-y0itay0103----ba 101 0 $aeng 102 $aUS 200 1 $aIntroduction to the theory of quantized fields$fN. N. Bogoliubov, D. V. Shirkov$gtranslation edited by Seweryn Chomet 205 $a3rd ed 210 $aNew York [etc.]$cJohn Wiley & Sons$dcopyr. 1980 215 $aXV, 620 p.$d23 cm 300 $ascheda incompleta(prestito) 312 $aTrad. di: vvedenie v teoriiu kvantovannykh polei 451 0$12001$aFisica 1$fRobert Resnick, David Halliday$gtraduzione a cura di Michelangelo Fazio$grevisione e presentazione Renato Malvano 676 $a530143$9Teoria quantistica dei campi 700 1$aBogoljubov,$bNikolaj Nikolaevic$0746185 702 1$aChomet,$bSeweryn 702 1$aShirkov,$bD. V. 801 $aSistema bibliotecario di Ateneo dell' Università di Salerno$gRICA 912 $a990000240510203316 951 $a530.143 BOG$b0026027 959 $aBK 969 $aSCI 979 $c19911205 979 $c20001110$lUSA01$h1715 979 $c20020403$lUSA01$h1632 979 $aPATRY$b90$c20040406$lUSA01$h1617 996 $aIntroduction to the theory of quantized fields$91490805 997 $aUNISA LEADER 00986nam a22002411i 4500 001 991003533569707536 005 20040504083657.0 008 040802s1960 xxu|||||||||||||||||eng 035 $ab13088488-39ule_inst 035 $aARCHE-104109$9ExL 040 $aBiblioteca Interfacoltà$bita$cA.t.i. Arché s.c.r.l. Pandora Sicilia s.r.l. 082 04$a842.309 100 1 $aRoaten, Darnell Higgins$0489442 245 10$aStructural forms in the French theater :$b1500-1700 /$cby Darnell Roaten 260 $aPhiladelphia :$bUniversity of Pennsylvania Press,$cc1960 300 $a180 p. ;$c22 cm 650 4$aDramma francese$ySec. 16.-17.$xStoria 907 $a.b13088488$b02-04-14$c05-08-04 912 $a991003533569707536 945 $aLE002 Fondo Giudici H 1435$g1$i2002000324894$lle002$nC. 1$o-$pE0.00$q-$rn$so $t0$u0$v0$w0$x0$y.i13720715$z05-08-04 996 $aStructural forms in the French theater$9290222 997 $aUNISALENTO 998 $ale002$b05-08-04$cm$da $e-$feng$gxxu$h0$i1